Endocrine regulations
| Previous Title: | Endocrinologia experimentalis |
|---|---|
| Other Authors: | , , |
| Format: | Journal |
| Language: | English |
| PhysicalDescription: | zv. grafy, ilustr., obr., tab. 28 cm Online vydanie: Endocrine regulations (Online) ISSN 1336-0329 |
| Published: |
Bratislava
Veda
1991-
Bratislava Slovak Academic Press Bratislava Academic Electronic Press Bratislava Institute of Experimental Endocrinology, Biomedical research center, Slovak Academy of Sciences |
| ISSN: | 1210-0668 0013-7200 |
| Subjects: | |
| Online Access: | https://www.sav.sk/index.php?lang=sk&doc=journal-list&journal_no=67 |
MARC
| LEADER | 00000cas a2200000 a 4500 | ||
|---|---|---|---|
| 001 | vtls008423341 | ||
| 003 | SK-MaSNL | ||
| 005 | 20260228160939.0 | ||
| 008 | 060111c19919999xo qr p 0 a0eng | ||
| 022 | |a 1210-0668 | ||
| 035 | |a (SVKBB03)vtls000047302 | ||
| 040 | |a SVKPO |b slo |c SVKPO |d SNK |d SAVUK |e AACR2 | ||
| 041 | 0 | |a eng |b eng | |
| 044 | |a xo |c SK | ||
| 072 | 7 | |a 612 |x Fyziológia človeka a porovnávacia fyziológia |2 konspekt | |
| 072 | 7 | |a 611 |x Anatómia človeka a porovnávacia anatómia |2 konspekt | |
| 072 | 7 | |a 616 |x Patológia. Klinická medicína |2 konspekt | |
| 080 | |a 616.43/.47 |2 2011 | ||
| 080 | |a 050 |2 2011 | ||
| 080 | |a 611.43/.47 |2 2011 | ||
| 080 | |a 612.43 |2 2011 | ||
| 080 | |a (051)001 |2 2011 | ||
| 084 | |a MIČ 49 128 |2 mksr | ||
| 210 | 0 | |a Endocr. regul. |b (Print) | |
| 222 | 0 | |a Endocrine regulations |b (Print) | |
| 245 | 0 | 0 | |a Endocrine regulations |
| 260 | |a Bratislava |b Veda |c 1991- | ||
| 260 | 2 | |3 1992-2003 |a Bratislava |b Slovak Academic Press | |
| 260 | 2 | |3 2004-? |a Bratislava |b Academic Electronic Press | |
| 260 | 3 | |3 ?- |a Bratislava |b Institute of Experimental Endocrinology, Biomedical research center, Slovak Academy of Sciences | |
| 300 | |a zv. |b grafy, ilustr., obr., tab. |c 28 cm | ||
| 310 | |a 4x ročne | ||
| 362 | 0 | |a Vol. 25, no. 1/2 (1991)- | |
| 500 | |a Šéfredaktor: 1991-2000, Pavel Langer ; 2001-2010, Richard Kvetňanský ; 2011- , Alexander Kiss | ||
| 500 | |a Posledné číslo bežného roku obsahuje menný a vecný reg. | ||
| 500 | |a Evidenčné číslo: EV 5185/15 | ||
| 500 | |a Časopis vychádzal do roku 1990 pod názvom Endocrinologia experimentalis | ||
| 504 | |a Bibliogr. odkazy ; pozn. ; menný a vecný reg. | ||
| 530 | |a Online vydanie: Endocrine regulations (Online) ISSN 1336-0329 | ||
| 546 | |a Res. angl. | ||
| 550 | |a Vydáva Ústav experimentálnej endokrinológie Slovenskej akadémie vied, Bratislava | ||
| 650 | 0 | 7 | |a endokrinológia |2 SNKPH |9 2460 |
| 650 | 0 | 7 | |a Endocrinology |2 SNKPHeng |9 266810 |
| 655 | 7 | |a vedecké časopisy |2 SNKPH |9 70520 | |
| 655 | 7 | |a Scientific journals |2 SNKPHeng |9 265227 | |
| 700 | 1 | |a Langer, Pavel, |d 1929-2016 |4 pbd |9 217874 | |
| 700 | 1 | |a Kvetňanský, Richard, |d 1937- |4 pbd |9 85630 | |
| 700 | 1 | |a Kiss, Alexander, |d 1948- |4 pbd |9 153931 | |
| 780 | 0 | 0 | |t Endocrinologia experimentalis |x 0013-7200 |w vtls008881558 |
| 852 | |a Štátna vedecká knižnica v Banskej Bystrici | ||
| 852 | |a Štátna vedecká knižnica v Prešove | ||
| 856 | 4 | 1 | |u https://www.sav.sk/index.php?lang=sk&doc=journal-list&journal_no=67 |
| 910 | |a snk | ||
| 910 | |a savuk | ||
| 916 | |a 1991-2013 | ||
| 916 | |a 2014-2015, 2016-2017, 2018, 2019, 2020, 2021 | ||
| 999 | |c 3976 |d 5906 | ||
| 952 | |0 0 |1 0 |4 0 |7 0 |8 0 |a SNK |b SNK |d 2021-05-24 |f 1 |i snk2021/5473 |l 0 |o snkČSC 1370/54/2020 |p 17A1434106 |r 2026-02-21 19:29:45 |t č. 1-4 |w 2026-02-21 |y PREZ | ||
| 952 | |0 0 |1 0 |4 0 |7 0 |a SNK |b SNK |d 2024-08-20 |i snkČSP 1690/2001 |l 0 |o snkČSC 1370/26/1992 D1 |p 17A0815502 |r 2026-02-21 19:49:47 |t č. 1-4, neúplné |w 2026-02-21 |y PREZ | ||
| 952 | |0 0 |1 0 |4 0 |7 0 |8 0 |a SNK |b SNK |d 2024-04-08 |i snk2024/5590 |l 0 |o snkČSC 1370/55/2021 D1 |p 17A1522941 |r 2026-02-21 19:51:05 |t č. 1-4 |w 2026-02-21 |y PREZ | ||
| 952 | |0 0 |1 0 |4 0 |7 0 |8 0 |a SNK |b SNK |d 2024-04-08 |i snk2024/5591 |l 0 |o snkČSC 1370/56/2022 |p 17A1522942 |r 2026-02-21 19:51:06 |t č. 1-4 |w 2026-02-21 |y PREZ | ||
| 952 | |0 0 |1 0 |4 0 |7 0 |8 0 |a SNK |b SNK |d 2024-04-08 |i snk2024/5592 |l 0 |o snkČSC 1370/57/2023 |p 17A1522943 |r 2026-02-21 19:51:06 |t č. 1-4 |w 2026-02-21 |y PREZ | ||
| 952 | |0 0 |1 0 |4 0 |7 0 |8 0 |a SNK |b SNK |d 2006-04-19 |f 1 |i snk2006/5967 |l 0 |o snkČSC 1370/33/1999 |p 17A0446914 |r 2026-02-21 19:52:06 |t č. 1-4 |w 2026-02-21 |y PREZ |z Reg. v č. 4 | ||
| 952 | |0 0 |1 0 |4 0 |7 0 |8 0 |a SNK |b SNK |d 2006-04-19 |i snk2006/5973 |l 0 |o snkČSC 1370/33/1999 D1 |p 17A0446815 |r 2026-02-21 19:52:06 |t č. 1-4 |w 2026-02-21 |y PREZ |z Reg. v č. 4 | ||
| 952 | |0 0 |1 0 |4 0 |7 0 |8 0 |a SNK |b SNK |d 2006-04-19 |f 1 |i snk2006/7943 |l 0 |o snkČSC 1370/34/2000 |p 17A0488882 |r 2026-02-21 19:52:06 |t č. 1-4 |w 2026-02-21 |y PREZ |z Reg. v č. 4 | ||
| 952 | |0 0 |1 0 |4 0 |7 0 |8 0 |a SNK |b SNK |d 2006-04-19 |i snk2006/7945 |l 0 |o snkČSC 1370/34/2000 D1 |p 17A0488883 |r 2026-02-21 19:52:06 |t č. 1-4, neúplné |w 2026-02-21 |y PREZ |z Chýba č. 3; Reg. v č. 4 | ||
| 952 | |0 0 |1 0 |4 0 |7 0 |8 0 |a SNK |b SNK |d 2006-04-19 |i snk2006/7947 |l 0 |o snkČSC 1370/35/2001 D1 |p 17A0488885 |r 2026-02-21 19:52:06 |t č. 1-4, neúplné |w 2026-02-21 |y PREZ |z hýba č. 1; Reg. v č. 4 | ||
| 952 | |0 0 |1 0 |4 0 |7 0 |8 0 |a SNK |b SNK |d 2006-04-19 |f 1 |i snk2006/5976 |l 0 |o snkČSC 1370/36/2002 |p 17A0446816 |r 2026-02-21 19:52:06 |t č. 1-4 |w 2026-02-21 |y PREZ |z Reg. v č. 4 | ||
| 952 | |0 0 |1 0 |4 0 |7 0 |8 0 |a SNK |b SNK |d 2006-04-19 |i snk2006/5979 |l 0 |o snkČSC 1370/36/2002 D1 |p 17A0446817 |r 2026-02-21 19:52:06 |t č. 1-4 |w 2026-02-21 |y PREZ |z Reg. v č. 4 | ||
| 952 | |0 0 |1 0 |4 0 |7 0 |8 0 |a SNK |b SNK |d 2006-04-19 |f 1 |i snk2006/5983 |l 0 |o snkČSC 1370/37/2003 |p 17A0446818 |r 2026-02-21 19:52:06 |t č. 1-4 |w 2026-02-21 |y PREZ |z Reg. v č. 4 | ||
| 952 | |0 0 |1 0 |4 0 |7 0 |8 0 |a SNK |b SNK |d 2006-04-19 |i snk2006/5984 |l 0 |o snkČSC 1370/37/2003 D1 |p 17A0446819 |r 2026-02-21 19:52:09 |t č. 1-4 |w 2026-02-21 |y PREZ |z Reg. v č. 4 | ||
| 952 | |0 0 |1 0 |4 0 |7 0 |8 0 |a SNK |b SNK |d 2006-04-19 |f 1 |i snk2006/5988 |l 0 |o snkČSC 1370/38/2004 |p 17A0446820 |r 2026-02-21 19:52:09 |t č. 1-4 |w 2026-02-21 |y PREZ |z Reg. v č. 4 | ||
| 952 | |0 0 |1 0 |4 0 |7 0 |8 0 |a SNK |b SNK |d 2006-04-19 |i snk2006/5989 |l 0 |o snkČSC 1370/38/2004 D1 |p 17A0446821 |r 2026-02-21 19:52:09 |t č. 1-4 |w 2026-02-21 |y PREZ |z Reg. v č. 4 | ||
| 952 | |0 0 |1 0 |4 0 |7 0 |8 0 |a SNK |b SNK |d 2022-06-15 |f 1 |i snk2022/9816 |l 0 |o snkČSC 1370/55/2021 |p 17A1463430 |r 2026-02-21 20:00:54 |t č. 1-4 |w 2026-02-21 |y PREZ | ||
| 952 | |0 0 |1 0 |4 0 |7 3 |8 0 |a SNK |b SNK |d 2025-11-13 |i snk2025/18303 |l 0 |o snkČSC 1370/56/2022 D1 |p 17A1558421 |r 2026-02-21 20:03:03 |t č. 1-4 |w 2026-02-21 |y PREZ | ||
| 952 | |0 0 |1 0 |4 0 |7 3 |8 0 |a SNK |b SNK |d 2025-11-13 |i snk2025/18304 |l 0 |o snkČSC 1370/57/2023 D1 |p 17A1558422 |r 2026-02-21 20:03:03 |t č. 1-4 |w 2026-02-21 |y PREZ | ||
| 952 | |0 0 |1 0 |4 0 |7 3 |8 0 |a SNK |b SNK |d 2025-11-13 |i snk2025/18305 |l 0 |o snkČSC 1370/58/2024 |p 17A1558423 |r 2026-02-21 20:03:03 |t č. 1-4 |w 2026-02-21 |y PREZ | ||
| 952 | |0 0 |1 0 |4 0 |7 3 |8 0 |a SNK |b SNK |d 2025-11-13 |i snk2025/18307 |l 0 |o snkČSC 1370/58/2024 D1 |p 17A1558424 |r 2026-02-21 20:03:03 |t č. 1-4 |w 2026-02-21 |y PREZ | ||
| 952 | |0 0 |1 0 |4 0 |7 0 |8 0 |a SNK |b SNK |d 2006-04-19 |f 1 |i snk2006/7946 |l 0 |o snkČSC 1370/35/2001 |p 17A0488884 |r 2026-02-21 20:07:18 |t č. 1-4 |w 2026-02-21 |y PREZ |z reg. v č. 4 | ||
| 952 | |0 0 |1 0 |4 0 |7 0 |8 0 |a SNK |b SNK |d 2022-05-13 |i snk2022/7685 |l 0 |o snkČSC 1370/54/2020 D1 |p 17A1462794 |r 2026-02-21 20:10:40 |t č. 1-4 |w 2026-02-21 |y PREZ | ||
| 952 | |0 0 |1 0 |4 0 |7 0 |a SNK |b SNK |d 2014-05-22 |f 1 |i snkČSP 1280/96 |l 0 |o snkČSC 1370/25/1991 |p 17A0815501 |r 2026-02-21 21:14:18 |t č. 1-4 |w 2026-02-21 |y PREZ | ||
| 952 | |0 0 |1 0 |4 0 |7 0 |a SNK |b SNK |d 2014-05-22 |f 1 |i snkČSP 1689/2001 |l 0 |o snkČSC 1370/26/1992 |p 17A0815503 |r 2026-02-21 21:14:18 |t č. 1-4, neúplné |w 2026-02-21 |y PREZ |z chýba č. 2 | ||
| 952 | |0 0 |1 0 |4 0 |7 0 |a SNK |b SNK |d 2014-05-22 |f 1 |i snkČSP 1282/96 |l 0 |o snkČSC 1370/27/1993 |p 17A0815504 |r 2026-02-21 21:14:18 |t č. 1-4 |w 2026-02-21 |y PREZ | ||
| 952 | |0 0 |1 0 |4 0 |7 0 |a SNK |b SNK |d 2014-05-22 |f 1 |i snkČSP 1284/96 |l 0 |o snkČSC 1370/28/1994 |p 17A0815505 |r 2026-02-21 21:14:18 |t č. 1-4 |w 2026-02-21 |y PREZ | ||
| 952 | |0 0 |1 0 |4 0 |7 0 |a SNK |b SNK |d 2014-05-22 |f 1 |i snkČSP 1278/96 |l 0 |o snkČSC 1370/29/1995 |p 17A0815506 |r 2026-02-21 21:14:18 |t č. 1-4 |w 2026-02-21 |y PREZ | ||
| 952 | |0 0 |1 0 |4 0 |7 0 |a SNK |b SNK |d 2014-05-22 |f 1 |i snkČSP 2980/99 |l 0 |o snkČSC 1370/30/1996 |p 17A0815507 |r 2026-02-21 21:14:18 |t č. 1-4 |w 2026-02-21 |y PREZ | ||
| 952 | |0 0 |1 0 |4 0 |7 0 |a SNK |b SNK |d 2014-05-22 |f 1 |i snkČSP 2978/99 |l 0 |o snkČSC 1370/31/1997 |p 17A0815508 |r 2026-02-21 21:14:18 |t č. 1-4 |w 2026-02-21 |y PREZ | ||
| 952 | |0 0 |1 0 |4 0 |7 0 |a SNK |b SNK |d 2014-05-22 |f 1 |i snkČSP 2958/99 |l 0 |o snkČSC 1370/32/1998 |p 17A0815509 |r 2026-02-21 21:14:18 |t č. 1-4 |w 2026-02-21 |y PREZ | ||
| 952 | |0 0 |1 0 |4 0 |7 0 |8 0 |a SNK |b SNK |d 2014-05-23 |f 1 |i snk2014/12015 |l 0 |o snkČSC 1370/40/2006 |p 17A0867672 |r 2026-02-21 21:14:18 |t č. 1-4 |w 2026-02-21 |y PREZ | ||
| 952 | |0 0 |1 0 |4 0 |7 0 |8 0 |a SNK |b SNK |d 2014-05-23 |i snk2014/12016 |l 0 |o snkČSC 1370/40/2006 D1 |p 17A0867673 |r 2026-02-21 21:14:18 |t č. 1-4 |w 2026-02-21 |y PREZ | ||
| 952 | |0 0 |1 0 |4 0 |7 0 |8 0 |a SNK |b SNK |d 2014-05-23 |f 1 |i snk2014/12017 |l 0 |o snkČSC 1370/41/2007 |p 17A0867674 |r 2026-02-21 21:14:18 |t č. 1-4 |w 2026-02-21 |y PREZ | ||
| 952 | |0 0 |1 0 |4 0 |7 0 |8 0 |a SNK |b SNK |d 2014-05-23 |i snk2014/12018 |l 0 |o snkČSC 1370/41/2007 D1 |p 17A0867675 |r 2026-02-21 21:14:18 |t č. 1-4 |w 2026-02-21 |y PREZ | ||
| 952 | |0 0 |1 0 |4 0 |7 0 |8 0 |a SNK |b SNK |d 2014-05-23 |f 1 |i snk2014/12019 |l 0 |o snkČSC 1370/42/2008 |p 17A0867676 |r 2026-02-21 21:14:18 |t č. 1-4 |w 2026-02-21 |y PREZ | ||
| 952 | |0 0 |1 0 |4 0 |7 0 |8 0 |a SNK |b SNK |d 2014-05-23 |i snk2014/12020 |l 0 |o snkČSC 1370/42/2008 D1 |p 17A0867677 |r 2026-02-21 21:14:19 |t č. 1-4 |w 2026-02-21 |y PREZ | ||
| 952 | |0 0 |1 0 |4 0 |7 0 |8 0 |a SNK |b SNK |d 2014-05-23 |f 1 |i snk2014/12023 |l 0 |o snkČSC 1370/43/2009 |p 17A0867678 |r 2026-02-21 21:14:19 |t č. 1-4 |w 2026-02-21 |y PREZ | ||
| 952 | |0 0 |1 0 |4 0 |7 0 |8 0 |a SNK |b SNK |d 2014-05-23 |i snk2014/12026 |l 0 |o snkČSC 1370/43/2009 D1 |p 17A0867679 |r 2026-02-21 21:14:19 |t č. 1-4 |w 2026-02-21 |y PREZ | ||
| 952 | |0 0 |1 0 |4 0 |7 0 |8 0 |a SNK |b SNK |d 2014-05-23 |f 1 |i snk2014/12030 |l 0 |o snkČSC 1370/44/2010 |p 17A0867680 |r 2026-02-21 21:14:19 |t č. 1-4 |w 2026-02-21 |y PREZ | ||
| 952 | |0 0 |1 0 |4 0 |7 0 |8 0 |a SNK |b SNK |d 2014-05-23 |i snk2014/12033 |l 0 |o snkČSC 1370/44/2010 D1 |p 17A0867681 |r 2026-02-21 21:14:19 |t č. 1-4 |w 2026-02-21 |y PREZ | ||
| 952 | |0 0 |1 0 |4 0 |7 0 |8 0 |a SNK |b SNK |d 2014-05-23 |f 1 |i snk2014/12035 |l 0 |o snkČSC 1370/45/2011 |p 17A0867682 |r 2026-02-21 21:14:19 |t č. 1-4 |w 2026-02-21 |y PREZ | ||
| 952 | |0 0 |1 0 |4 0 |7 0 |8 0 |a SNK |b SNK |d 2014-05-23 |i snk2014/12039 |l 0 |o snkČSC 1370/45/2011 D1 |p 17A0867683 |r 2026-02-21 21:14:19 |t č. 1-4 |w 2026-02-21 |y PREZ | ||
| 952 | |0 0 |1 0 |4 0 |7 0 |8 0 |a SNK |b SNK |d 2014-05-23 |f 1 |i snk2014/12043 |l 0 |o snkČSC 1370/46/2012 |p 17A0867684 |r 2026-02-21 21:14:19 |t č. 1-4 |w 2026-02-21 |y PREZ | ||
| 952 | |0 0 |1 0 |4 0 |7 0 |8 0 |a SNK |b SNK |d 2014-05-23 |i snk2014/12044 |l 0 |o snkČSC 1370/46/2012 D1 |p 17A0867685 |r 2026-02-21 21:14:19 |t č. 1-4 |w 2026-02-21 |y PREZ | ||
| 952 | |0 0 |1 0 |4 0 |7 0 |8 0 |a SNK |b SNK |d 2014-05-23 |f 1 |i snk2014/12045 |l 0 |o snkČSC 1370/47/2013 |p 17A0867686 |r 2026-02-21 21:14:19 |t č. 1-4 |w 2026-02-21 |y PREZ | ||
| 952 | |0 0 |1 0 |4 0 |7 0 |8 0 |a SNK |b SNK |d 2014-05-23 |i snk2014/12048 |l 0 |o snkČSC 1370/47/2013 D1 |p 17A0867687 |r 2026-02-21 21:14:19 |t č. 1-4 |w 2026-02-21 |y PREZ | ||
| 952 | |0 0 |1 0 |4 0 |7 0 |8 0 |a SNK |b SNK |d 2014-05-22 |f 1 |i snk2014/12011 |l 0 |o snkČSC 1370/39/2005 |p 17A0867670 |r 2026-02-21 21:14:27 |t č. 1-4 |w 2026-02-21 |y PREZ | ||
| 952 | |0 0 |1 0 |4 0 |7 0 |8 0 |a SNK |b SNK |d 2014-05-22 |i snk2014/12012 |l 0 |o snkČSC 1370/39/2005 D1 |p 17A0867671 |r 2026-02-21 21:14:27 |t č. 1-4 |w 2026-02-21 |y PREZ | ||
| 952 | |0 0 |1 0 |4 0 |7 0 |8 0 |a SNK |b SNK |d 2016-01-14 |f 1 |i snk2016/697 |l 0 |o snkČSC 1370/48/2014 |p 17A1147033 |r 2026-02-21 21:53:20 |t č. 1-4 |w 2026-02-21 |y PREZ | ||
| 952 | |0 0 |1 0 |4 0 |7 0 |8 0 |a SNK |b SNK |d 2016-01-14 |f 1 |i snk2016/698 |l 0 |o snkČSC 1370/49/2015 |p 17A1147035 |r 2026-02-21 21:53:20 |t č. 1-4 |w 2026-02-21 |y PREZ | ||
| 952 | |0 0 |1 0 |4 0 |7 0 |8 0 |a SNK |b SNK |d 2016-01-14 |i snk2016/699 |l 0 |o snkČSC 1370/48/2014 D1 |p 17A1147034 |r 2026-02-21 21:53:20 |t č. 1-4 |w 2026-02-21 |y PREZ | ||
| 952 | |0 0 |1 0 |4 0 |7 0 |8 0 |a SNK |b SNK |d 2016-01-14 |i snk2016/700 |l 0 |o snkČSC 1370/49/2015 D1 |p 17A1147036 |r 2026-02-21 21:53:20 |t č. 1-4 |w 2026-02-21 |y PREZ | ||
| 952 | |0 0 |1 0 |4 0 |7 0 |8 0 |a SNK |b SNK |d 2019-04-04 |f 1 |i snk2019/9736 |l 0 |o snkČSC 1370/52/2018 |p 17A1365427 |r 2026-02-21 21:59:11 |t č. 1-4 |w 2026-02-21 |y PREZ | ||
| 952 | |0 0 |1 0 |4 0 |7 0 |8 0 |a SNK |b SNK |d 2019-04-04 |i snk2019/9738 |l 0 |o snkČSC 1370/52/2018 D1 |p 17A1365426 |r 2026-02-21 21:59:11 |t č. 1-4 |w 2026-02-21 |y PREZ | ||
| 952 | |0 0 |1 0 |4 0 |7 0 |8 0 |a SNK |b SNK |d 2018-09-18 |i snk2018/18841 |l 0 |o snkČSC 1370/50/2016 |p 17A1328871 |r 2026-02-21 22:27:34 |t č. 1-4 |w 2026-02-21 |y PREZ | ||
| 952 | |0 0 |1 0 |4 0 |7 0 |8 0 |a SNK |b SNK |d 2018-09-18 |i snk2018/18842 |l 0 |o snkČSC 1370/50/2016 D1 |p 17A1328870 |r 2026-02-21 22:27:34 |t č. 1-4 |w 2026-02-21 |y PREZ | ||
| 952 | |0 0 |1 0 |4 0 |7 0 |8 0 |a SNK |b SNK |d 2018-09-18 |f 1 |i snk2018/18843 |l 0 |o snkČSC 1370/51/2017 |p 17A1328869 |r 2026-02-21 22:27:34 |t č. 1-4 |w 2026-02-21 |y PREZ | ||
| 952 | |0 0 |1 0 |4 0 |7 0 |8 0 |a SNK |b SNK |d 2018-09-18 |i snk2018/18844 |l 0 |o snkČSC 1370/51/2017 D1 |p 17A1328868 |r 2026-02-21 22:27:34 |t č. 1-4 |w 2026-02-21 |y PREZ | ||
| 952 | |0 0 |1 0 |4 0 |7 0 |8 0 |a SNK |b SNK |d 2020-02-25 |f 1 |i snk2020/4670 |l 0 |o snkČSC 1370/53/2019 |p 17A1386488 |r 2026-02-21 22:29:38 |t č. 1-4 + suppl. |w 2026-02-21 |y PREZ |z Obsahuje : Supplement č. 1 | ||
| 952 | |0 0 |1 0 |4 0 |7 0 |8 0 |a SNK |b SNK |d 2020-02-25 |i snk2020/4675 |l 0 |o snkČSC 1370/53/2019 D1 |p 17A1386487 |r 2026-02-21 22:29:38 |t č. 1-4 + suppl. |w 2026-02-21 |y PREZ |z Obsahuje : Supplement č. 1 | ||


